International Economics, 12/e

Salvato in:
Dettagli Bibliografici
Autore principale: Krugman, Paul R.
Natura: Libro
Pubblicazione: Pearson
Tags: Aggiungi Tag
Nessun Tag, puoi essere il primo ad aggiungerne!!

MARC

LEADER 00000nam a2200000Ia 4500
005 20260515061616.0
100 |a Krugman, Paul R. 
020 |a 9789356064768 
942 |c BK 
245 |a International Economics, 12/e  
260 |b Pearson 
999 |c 51  |d 51 
952 |0 0  |1 0  |4 0  |7 0  |a ABDN  |b ABDN  |d 2026-05-15  |l 0  |p 000063  |r 2026-05-15 06:16:16  |w 2026-05-15  |y BK